000 00764nam a2200241Ia 4500
003 OSt
005 20221006165028.0
006 a|||||r|||| 00| 0
007 ta
008 221006b |||||||| |||| 00| 0 hin d
024 _a7,560
037 _cTheseses
040 _aFML
_cFML
_bhin
041 _2hin
_ahin
100 _aVaishya Rashmi Au.
_9678939
110 _aDelhi University. Faculty of Music and Fine Arts. Department of Music
245 0 _aMaihar Gharana, Aur Vadya Sangeet Ke Kshetra Main Uska Yogdaan - Sitar Vadya Ke Vishesh Sandarbh Main
260 _c2002
300 _a250
_ccm.
700 _aDelhi University. Faculty of Music and Fine Arts. Department of Music
942 _cDIS
_2CC
999 _c1119335
_d1119335